00322 2200145 4500001002100000005001500021035002000036245004400056100001500100300000800115260001900123082000800142084001400150990001200164INLIS00000000000218920250527011539 a0010-05250004811 aLembaga Perekonomian Umat /cZaidi Adad0 aZaidi Adad a110 bAngkasa,c2003 a297 a297 ZAI l a0712594